00588nam a2200157 a 450000500170000000800410001702000180005805000230007610000200009924500690011926000350018830000220022350001470024565000180039265000200041020140412111309.0010404s19uu xx 00 eng d a0-7445-3660-X aTR(PS EbFa22 1991 aWaddell, Martin aFarmer duck /cwritten by Martin ; illustrated by Helen Oxebury. aLondon :bWalker Books,c1991. a1v. (unp.) ; ill. aWinner of the Smarties Book Prize; British Book Awards Children's Illustrated Book of the Year; Highly Commended for the Kate Greenaway Medal. aDucks-Stories aFarmers-Stories